000
00337nam a22001217a 4500
040
_c
SY
082
_a
338
100
_a
VON MONIN; វន មុនិន្ទ
245
_a
Community forest management, ការគ្រប់គ្រងសហគមន៍ព្រៃឈើ
260
_a
RUA
_b
VON
_c
2007
300
_a
94p.
942
_c
KB
999
_c
9381
_d
9381